[Event "Caioba Copel op 5th"]
[Site "Caioba"]
[Date "2019.08.16"]
[Round "2"]
[White "Calcado, Acyr Rogerio"]
[Black "Abilhoa, Gustavo Auer"]
[Result "1/2-1/2"]
[WhiteElo "2136"]
[BlackElo "1751"]
[PlyCount "52"]
[EventDate "2019.08.15"]
[EventType "swiss"]
[EventRounds "6"]
[EventCountry "BRA"]
[SourceTitle "EXT 2020"]
[Source "ChessBase"]
[SourceDate "2019.10.17"]
[SourceVersion "1"]
[SourceVersionDate "2019.10.17"]
[SourceQuality "1"]

1. e4 c5 2. Nf3 e6 3. d4 cxd4 4. Nxd4 a6 5. Bd3 Qc7 6. Qe2 b5 7. 0-0 Bb7 8. a4 b4 9. Nd2 d6 10. Nc4 Nf6 11. Bd2 d5 12. exd5 Bxd5 13. Ne5 Bd6 14. f4 0-0 15. Rae1 Bc5 16. c3 Nc6 17. Nexc6 Bxc6 18. Bxa6 Qb6 19. Bb5 bxc3 20. bxc3 Bxb5 21. axb5 Ra2 22. Qd3 Rd8 23. Be3 Ng4 24. Kh1 Nxe3 25. Qxe3 Bxd4 26. cxd4 Qxb5 1/2-1/2

[Event "Maringa Parana-ch"]
[Site "Maringa"]
[Date "2018.02.02"]
[Round "4"]
[White "Abilhoa, Gustavo Auer"]
[Black "Lukachewski Junior, Wanderlei"]
[Result "0-1"]
[WhiteElo "1671"]
[BlackElo "2049"]
[PlyCount "140"]
[EventDate "2018.01.31"]
[EventType "swiss"]
[EventRounds "8"]
[EventCountry "BRA"]
[SourceTitle "CBM 182 Extra"]
[Source "ChessBase"]
[SourceDate "2018.02.23"]
[SourceVersion "1"]
[SourceVersionDate "2018.02.23"]
[SourceQuality "1"]

1. d4 d5 2. Nf3 Nf6 3. g3 Bf5 4. Bg2 h6 5. 0-0 e6 6. Nbd2 Bd6 7. c4 c6 8. b3 0-0 9. Bb2 a5 10. a3 Na6 11. Re1 b6 12. Ne5 Rc8 13. e4 dxe4 14. Nxe4 Bxe5 15. dxe5 Nxe4 16. Bxe4 Bxe4 17. Rxe4 Qxd1+ 18. Rxd1 Nc5 19. Re3 Rfd8 20. Rxd8+ Rxd8 21. b4 Na4 22. Bc3 Rd1+ 23. Kg2 Nxc3 24. Rxc3 axb4 25. axb4 Rb1 26. c5 Rxb4 27. cxb6 Rxb6 28. h4 Kf8 29. Kf3 Ke7 30. Ke4 Rb4+ 31. Kd3 Kd7 32. Ra3 Kc7 33. Ra7+ Rb7 34. Ra6 Rb6 35. Kc4 Kb7 36. Ra2 Rb5 37. f4 Rb1 38. Rd2 Rc1+ 39. Kb3 Kc7 40. Ra2 Kb6 41. Rd2 Rg1 42. Rd3 Kc5 43. Kc2 Kc4 44. Rd7 Rg2+ 45. Kd1 Rxg3 46. Rxf7 Kd3 47. Rd7+ Ke4 48. Re7 Kxf4 49. Rxe6 Kf5 50. Rxc6 Kxe5 51. Rc4 Kf5 52. Ke2 Rg4 53. Rc5+ Kf4 54. Rc7 Kg3 55. h5 Kh4 56. Kf3 Kxh5 57. Rc5+ g5 58. Rc6 Ra4 59. Kg2 Ra3 60. Rb6 g4 61. Kh2 Kg5 62. Rb5+ Kh4 63. Rb4 Ra2+ 64. Kg1 h5 65. Rb1 Kh3 66. Rb5 Ra1+ 67. Kf2 g3+ 68. Kf3 Rf1+ 69. Ke2 Rf2+ 70. Ke1 h4 0-1

[Event "Maringa Parana-ch"]
[Site "Maringa"]
[Date "2018.02.01"]
[Round "3"]
[White "Ramazzotte, Maicon Zilli"]
[Black "Abilhoa, Gustavo Auer"]
[Result "0-1"]
[WhiteElo "1819"]
[BlackElo "1671"]
[PlyCount "66"]
[EventDate "2018.01.31"]
[EventType "swiss"]
[EventRounds "8"]
[EventCountry "BRA"]
[SourceTitle "CBM 182 Extra"]
[Source "ChessBase"]
[SourceDate "2018.02.23"]
[SourceVersion "1"]
[SourceVersionDate "2018.02.23"]
[SourceQuality "1"]

1. d4 Nf6 2. c4 e6 3. Nc3 Bb4 4. Bd2 0-0 5. e3 d5 6. Nf3 a6 7. cxd5 exd5 8. Be2 Nbd7 9. 0-0 c6 10. Rc1 Bd6 11. h3 Re8 12. Ne1 Nf8 13. Nf3 Ng6 14. Na4 Ne4 15. Nc5 Nh4 16. Nxe4 dxe4 17. Nxh4 Qxh4 18. Bg4 f5 19. Be2 Kh8 20. Bh5 Rf8 21. Be1 Be6 22. f4 Qe7 23. b3 Rfd8 24. Bf2 a5 25. Qe1 Qf8 26. Bh4 Rdc8 27. Qf2 a4 28. Bd1 axb3 29. Bxb3 Bxb3 30. axb3 Qf7 31. Qc2 Ra3 32. Qb2 Rca8 33. Ra1 Rxa1 0-1

[Event "Caioba Telecom op"]
[Site "Caioba"]
[Date "2016.08.27"]
[Round "4"]
[White "Carstens Dobuchak, Thiago"]
[Black "Abilhoa, Gustavo Auer"]
[Result "1-0"]
[WhiteElo "2040"]
[BlackElo "1643"]
[PlyCount "69"]
[EventDate "2016.08.26"]
[EventType "swiss"]
[EventRounds "6"]
[EventCountry "BRA"]
[SourceTitle "CBM 174 Extra"]
[Source "ChessBase"]
[SourceDate "2016.10.10"]
[SourceVersion "1"]
[SourceVersionDate "2016.10.10"]
[SourceQuality "1"]

1. e4 c5 2. Nf3 d6 3. d4 cxd4 4. Qxd4 Nf6 5. Bg5 e6 6. Nc3 Be7 7. 0-0-0 a6 8. Bxf6 gxf6 9. Kb1 Nc6 10. Qd2 h6 11. Nd4 Qc7 12. Be2 b5 13. Nxc6 Qxc6 14. Bf3 Qc7 15. e5 d5 16. Bxd5 exd5 17. exf6 Bd6 18. Qxd5 Bb7 19. Qxd6 Qxd6 20. Rxd6 0-0 21. Rhd1 b4 22. Nd5 a5 23. Ne7+ Kh7 24. f3 Bc8 25. Rd8 Be6 26. Rxf8 Rxf8 27. Rd4 Rb8 28. b3 Rb5 29. h4 Re5 30. Re4 Rc5 31. g4 Rc3 32. g5 Rxf3 33. Rxe6 fxe6 34. g6+ Kh8 35. g7+ 1-0

[Event "Pan American Amateur-ch"]
[Site "Curitiba"]
[Date "2015.12.17"]
[Round "4"]
[White "Yoshioka, Andre"]
[Black "Abilhoa, Gustavo Auer"]
[Result "1-0"]
[WhiteElo "1819"]
[BlackElo "1598"]
[PlyCount "44"]
[EventDate "2015.12.16"]
[EventType "swiss"]
[EventRounds "9"]
[EventCountry "BRA"]
[SourceTitle "CBM 170 Extra"]
[Source "ChessBase"]
[SourceDate "2016.02.25"]
[SourceVersion "1"]
[SourceVersionDate "2016.02.25"]
[SourceQuality "1"]

1. d4 Nf6 2. c4 g6 3. Nf3 Bg7 4. Nc3 0-0 5. Bg5 d6 6. e3 Nbd7 7. Be2 c5 8. 0-0 e5 9. dxe5 Nxe5 10. Nxe5 dxe5 11. Qxd8 Rxd8 12. Nd5 Rd6 13. Bxf6 Bxf6 14. Nc7 Rb8 15. Ne8 Re6 16. Nxf6+ Rxf6 17. Rfd1 Bf5 18. Rd5 b6 19. Rxe5 Rc6 20. h3 Be6 21. b3 Rd8 22. Bf3 Rcd6 1-0

[Event "Curitiba Sul Regional-ch"]
[Site "Curitiba"]
[Date "2015.07.12"]
[Round "6"]
[White "Abilhoa, Gustavo Auer"]
[Black "Souza, Gustavo Horokoski"]
[Result "0-1"]
[WhiteElo "1589"]
[BlackElo "1894"]
[PlyCount "48"]
[EventDate "2015.07.10"]
[EventType "swiss"]
[EventRounds "6"]
[EventCountry "BRA"]
[SourceTitle "EXT 2017"]
[Source "ChessBase"]
[SourceDate "2016.10.25"]
[SourceVersion "1"]
[SourceVersionDate "2016.10.25"]
[SourceQuality "1"]

1. d4 d5 2. c4 e6 3. cxd5 exd5 4. Nc3 Nf6 5. Nf3 Be7 6. Bf4 c6 7. e3 0-0 8. Bd3 Nbd7 9. 0-0 h6 10. Rc1 Nh5 11. Ne2 Nxf4 12. Nxf4 Bd6 13. Ne2 Nf6 14. h3 Re8 15. Qc2 Ne4 16. Nd2 Ng5 17. f4 Ne4 18. Nxe4 dxe4 19. Bxe4 Qe7 20. Ng3 f5 21. Bxf5 Qxe3+ 22. Kh2 Bxf4 23. Rxf4 Qxf4 24. Bg6 Re3 0-1